| 000 | 01611nam a2200241Ia 4500 | ||
|---|---|---|---|
| 008 | 260220t1983||||xx |||||||||||||| ||spa|| | ||
| 040 |
_aPY-SlUNAC _bspa _erda |
||
| 041 | _aspa | ||
| 082 |
_a861 _bN358e |
||
| 100 |
_aNeruda, Pablo _eAutor |
||
| 245 | 0 |
_aLa espada encendida / _cpor Pablo Neruda [Autor] |
|
| 264 |
_aBarcelona : _bSeix Barral, _c℗1983. |
||
| 300 | _a1 volumen | ||
| 520 | _a"La espada encendida" de Pablo Neruda es un compendio de poemas que refleja la profunda angustia y el fervor político del autor en un contexto de crisis y transformación social. Publicada en 1983, esta obra se sitúa en un período marcado por la dictadura en Chile y la lucha por la justicia y la libertad. Neruda utiliza un lenguaje poderoso y evocador para plasmar su compromiso con la causa de los oprimidos, entrelazando imágenes de amor y naturaleza con referencias a la resistencia y el sufrimiento humano. A lo largo de los poemas, se percibe una tensión entre la belleza lírica y la dureza de la realidad política, lo que confiere a la obra un carácter dual: por un lado, la celebración de la vida y, por otro, la denuncia de la violencia y la opresión. "La espada encendida" se convierte así en un testimonio poético de la lucha y la esperanza en tiempos de adversidad, consolidando a Neruda como un referente de la poesía comprometida. | ||
| 653 | _aLiteratura | ||
| 653 | _aLiteratura chilena | ||
| 653 | _aPoesía | ||
| 942 |
_b2026/02/17 _cBK |
||
| 999 |
_c9187 _d9187 |
||